000 00635nam a22002297a 4500
003 UA-OsUOA
001 86972
007 ta
008 20120913b un ||||| |||| 00| 0 ukr d
100 _aГорбунов А.
090 _a82.09(73)
_bГ67
942 _cBK
040 _aUA-OsUOA
_brus
_cUA-OsUOA
_dUA-OsUOA
245 _aРоманы Френсиса Скотта Фицджералда
300 _a148 с.
955 _a1
041 _arus
080 _a82.09(73)
260 _aНовосибирск
_bНаука
_c1975
650 7 _a82 Література. Літературознавство
_2UDC
999 _c373184
_d373184